Development of a decision support system for mushroom identification focusing on families in agaricales and genera in agaricaceae /
Saved in:
| 主要作者: | |
|---|---|
| 格式: | Thesis 图书 |
| 语言: | English |
| 出版: |
2010.
|
| 主题: | |
| 标签: |
添加标签
没有标签, 成为第一个标记此记录!
|
| LEADER | 01168cam a2200277 a 4500 | ||
|---|---|---|---|
| 001 | u796468 | ||
| 003 | SIRSI | ||
| 005 | 201008260826 | ||
| 008 | 100826s2010 my a t 000 0 eng m | ||
| 040 | |a UMM | ||
| 090 | |a QH302 |b UM 2010 Niksnms | ||
| 100 | 0 | |a Nik Shazana Nik Mohd Sanusi. | |
| 245 | 1 | 0 | |a Development of a decision support system for mushroom identification focusing on families in agaricales and genera in agaricaceae / |c Nik Shazana binti Nik Mohd Sanusi. |
| 260 | |c 2010. | ||
| 300 | |a v, 94, [43] leaves : |b col. ill. ; |c 30 cm. | ||
| 502 | |a Dissertation (M.Sc.) -- Institut Sains Biologi, Fakulti Sains, Universiti Malaya, 2010. | ||
| 504 | |a Bibliography: leaves 93-94. | ||
| 650 | 0 | |a Agaricaceae |x Identification |x Data processing. | |
| 650 | 0 | |a Agaricales |x Identification |x Data processing. | |
| 650 | 0 | |a Mushrooms |x Identification |x Data processing. | |
| 650 | 0 | |a Fungi |x Identification |x Data processing. | |
| 650 | 0 | |a Biology |x Data processing. | |
| 710 | 2 | |a Universiti Malaya. |b Institut Sains Biologi. | |
| 900 | |a NAR-ZA | ||
| 596 | |a 1 | ||
| 999 | |a QH302 UM 2010 NIKSNMS |w LC |c 1 |i A514478465 |d 17/3/2011 |f 17/3/2011 |g 1 |l STACKS |m P01UTAMA |r Y |s Y |t TESIS |u 15/3/2011 | ||
